Indian democracy. (Record no. 56729)

MARC details
000 -LEADER
fixed length control field 00572cam a22002171 4500
001 - CONTROL NUMBER
control field sa 64001402
003 - CONTROL NUMBER IDENTIFIER
control field DLC
005 - DATE AND TIME OF LATEST TRANSACTION
control field 20260227112002.0
008 - FIXED-LENGTH DATA ELEMENTS--GENERAL INFORMATION
fixed length control field 840418s1963 ii 000 0 eng
010 ## - LIBRARY OF CONGRESS CONTROL NUMBER
LC control number sa 64001402
025 ## - OVERSEAS ACQUISITION NUMBER
Overseas acquisition number PL480:I-E-2406
035 ## - SYSTEM CONTROL NUMBER
System control number (OCoLC)10642198
040 ## - CATALOGING SOURCE
Original cataloging agency DLC
Transcribing agency CLS
Modifying agency DLC
042 ## - AUTHENTICATION CODE
Authentication code premarc
050 00 - LIBRARY OF CONGRESS CALL NUMBER
Classification number JQ215 1963
Item number .C45
100 1# - MAIN ENTRY--PERSONAL NAME
Personal name Chaubal, B. M.
245 10 - TITLE STATEMENT
Title Indian democracy.
260 ## - PUBLICATION, DISTRIBUTION, ETC.
Place of publication, distribution, etc. Kolhapur,
Name of publisher, distributor, etc. Maharashtra Granth Bhandar
Date of publication, distribution, etc. [1963]
300 ## - PHYSICAL DESCRIPTION
Extent 8, 157 p.
Dimensions 19 cm.
651 #0 - SUBJECT ADDED ENTRY--GEOGRAPHIC NAME
Geographic name India
General subdivision Politics and government
Chronological subdivision 1947-

No items available.

Powered by Koha